Ultra-wideband communications systems :multiband OFDM approach (E-BOOK) (Record no. 192770)

000 -LEADER
fixed length control field 01560 a2200289 4500
003 - CONTROL NUMBER IDENTIFIER
control field Nust
005 - DATE AND TIME OF LATEST TRANSACTION
control field 20170207154044.0
010 ## - LIBRARY OF CONGRESS CONTROL NUMBER
LC control number 2007012087
020 ## - INTERNATIONAL STANDARD BOOK NUMBER
International Standard Book Number 0470074698 (cloth)
020 ## - INTERNATIONAL STANDARD BOOK NUMBER
International Standard Book Number 9780470074695 (cloth)
035 ## - SYSTEM CONTROL NUMBER
System control number (OCoLC)ocm86172964
040 ## - CATALOGING SOURCE
Transcribing agency Nust
082 00 - DEWEY DECIMAL CLASSIFICATION NUMBER
Classification number 621.384
100 1# - MAIN ENTRY--PERSONAL NAME
Personal name Siriwongpairat, W. Pam,
245 10 - TITLE STATEMENT
Title Ultra-wideband communications systems :multiband OFDM approach (E-BOOK)
Statement of responsibility, etc. W. Pam Siriwongpairat, K.J. Ray Liu.
260 ## - PUBLICATION, DISTRIBUTION, ETC.
Place of publication, distribution, etc. Hoboken, N.J. :
Name of publisher, distributor, etc. John Wiley & Sons :
-- IEEE Press,
Date of publication, distribution, etc. c2008.
300 ## - PHYSICAL DESCRIPTION
Extent xv, 229 p. :
Other physical details ill. ;
Dimensions 25 cm.
440 #0 - SERIES STATEMENT/ADDED ENTRY--TITLE
Title Wiley series in telecommunications and signal processing
505 0# - FORMATTED CONTENTS NOTE
Formatted contents note Chapter 1 Introduction (Page-1) Chapter 2 Channel Characteristics(Page-9) Chapter 3 UWB: Single-Band Approaches(Page-19) Chapter 4 UWB: Multiband OFDM Approach(Page-53) Chapter 5 MIMO Multiband OFDM(Page-75) Chapter 7 Performance Under Practical Considerations(Page-121) Chapter 8 Differential Multiband OFDM(Page-155) Chapter 9 Power-Controlled Channel Allocation(Page-171) Chapter 10 Cooperative UWB Multiband OFDM(Page-189)
650 #0 - SUBJECT ADDED ENTRY--TOPICAL TERM
Topical term or geographic name entry element Orthogonal frequency division multiplexing.
650 #0 - SUBJECT ADDED ENTRY--TOPICAL TERM
Topical term or geographic name entry element Ultra-wideband devices.
651 ## - SUBJECT ADDED ENTRY--GEOGRAPHIC NAME
Geographic name E-BOOK
700 1# - ADDED ENTRY--PERSONAL NAME
Personal name Liu, K. J. Ray,
Dates associated with a name 1961-
856 41 - ELECTRONIC LOCATION AND ACCESS
Materials specified Contributor biographical information
Uniform Resource Identifier <a href="http://www.loc.gov/catdir/enhancements/fy0806/2007012087-b.html">http://www.loc.gov/catdir/enhancements/fy0806/2007012087-b.html</a>
856 41 - ELECTRONIC LOCATION AND ACCESS
Materials specified Publisher description
Uniform Resource Identifier <a href="http://www.loc.gov/catdir/enhancements/fy0741/2007012087-d.html">http://www.loc.gov/catdir/enhancements/fy0741/2007012087-d.html</a>
856 41 - ELECTRONIC LOCATION AND ACCESS
Materials specified Table of contents only
Uniform Resource Identifier <a href="http://www.loc.gov/catdir/toc/ecip0713/2007012087.html">http://www.loc.gov/catdir/toc/ecip0713/2007012087.html</a>
942 ## - ADDED ENTRY ELEMENTS (KOHA)
Source of classification or shelving scheme
Koha item type Book
Holdings
Withdrawn status Lost status Source of classification or shelving scheme Damaged status Not for loan Collection code Permanent Location Current Location Date acquired Total Checkouts Full call number Barcode Date last seen Price effective from Koha item type
            Military College of Signals (MCS) Military College of Signals (MCS) 12/12/2016   621.384 SIR MCSEB-2292 12/08/2016 12/12/2016 Book
© 2023 Central Library, National University of Sciences and Technology. All Rights Reserved.